| 000 | 00542nam a22001817a 4500 | ||
|---|---|---|---|
| 003 | OSt | ||
| 005 | 20160727154353.0 | ||
| 008 | 121113t xxu||||| |||| 00| 0 eng d | ||
| 020 | _a0439107989 | ||
| 050 |
_aPZ 7 _b.M821m1 1999 |
||
| 100 |
_aMoore, Eva _95228 |
||
| 245 |
_aThe truth about bats / _cwritten by Eva Moore; illustrations by Ted Enik. |
||
| 260 |
_aNew York. _bScholastic Inc. _cc1999. |
||
| 300 |
_g19 cm. _a68 p. _bill. ; |
||
| 440 |
_aThe Magic School Bus : A Science Chapter Book _n#1 |
||
| 942 |
_2lcc _cBK |
||
| 999 |
_c115485 _d115485 |
||